LEADER 01716nas 2200541- 450 001 996213655603316 005 20230120002033.0 035 $a(OCoLC)885505608 035 $a(CKB)3710000000264176 035 $a(CONSER)--2015247826 035 $a(DE-599)ZDB2821770-6 035 $a(EXLCZ)993710000000264176 100 $a20140709a20149999 o-- - 101 0 $aeng 135 $aur||||||||||| 181 $ctxt$2rdacontent 182 $cc$2rdamedia 183 $acr$2rdacarrier 200 00$aBiomolecular detection and quantification 210 1$aMunich :$cElsevier GmbH,$d[2014]- 215 $a1 online resource 300 $aRefereed/Peer-reviewed 311 $a2214-7535 531 $aBIOMOL DETECT QUANTIF 606 $aBiomolecules$xAnalysis$vPeriodicals 606 $aBiomolecules$xResearch$xMethodology$vPeriodicals 606 $aBiomolecules$xMeasurement$vPeriodicals 606 $aBiomolecules$xAnalysis$2fast$3(OCoLC)fst00832625 606 $aMolecular Diagnostic Techniques$xstandards 606 $aQuality Control 606 $aReproducibility of Results 608 $aFulltext. 608 $aInternet Resources. 608 $aPeriodicals. 608 $aPeriodicals.$2fast 608 $aPeriodical. 610 $aBiophysics 615 0$aBiomolecules$xAnalysis 615 0$aBiomolecules$xResearch$xMethodology 615 0$aBiomolecules$xMeasurement 615 7$aBiomolecules$xAnalysis. 615 12$aMolecular Diagnostic Techniques$xstandards. 615 22$aQuality Control. 615 22$aReproducibility of Results. 906 $aJOURNAL 912 $a996213655603316 996 $aBiomolecular detection and quantification$91901436 997 $aUNISA LEADER 00941nam a2200265 i 4500 001 991001731479707536 005 20020503153003.0 008 010104s1975 it ||| | ita 035 $ab10264929-39ule_inst 035 $aEXGIL90588$9ExL 040 $aBiblioteca Interfacoltà$bita 082 0 $a811.5 100 1 $aSnodgrass, William De Witt$0465564 245 12$aL'ago del cuore e altre poesie /$cW. D. Snodgrass ; a cura di Francesco Binni 260 $a[Milano] :$bMondadori,$c1975 300 $a205 p. ;$c20 cm. 440 3$aLo specchio 500 $aTrad. italiana a fronte 700 1 $aBinni, Francesco 907 $a.b10264929$b02-04-14$c27-06-02 912 $a991001731479707536 945 $aLE002 It. XVIII N 27$g1$i2002000650498$lle002$o-$pE0.00$q-$rl$s- $t0$u0$v0$w0$x0$y.i10316036$z27-06-02 996 $aAgo del cuore e altre poesie$9211613 997 $aUNISALENTO 998 $ale002$b01-01-01$cm$da $e-$fita$git $h2$i1